|
|
|
|
| LEADER |
00773naa a2200193 i 4500 |
| 001 |
acta60000 |
| 005 |
20230705093611.0 |
| 008 |
191021s2010 hu o 1|| eng d |
| 040 |
|
|
|a SZTE Egyetemi Kiadványok Repozitórium
|b hun
|
| 041 |
|
|
|a eng
|
| 245 |
0 |
0 |
|a List of participants
|h [elektronikus dokumentum]
|
| 260 |
|
|
|a University of Szeged
|b Szeged
|c 2010
|
| 300 |
|
|
|a 80-82
|
| 490 |
0 |
|
|a Conference of PhD Students in Computer Science
|v 7
|
| 650 |
|
4 |
|a Természettudományok
|
| 650 |
|
4 |
|a Számítás- és információtudomány
|
| 695 |
|
|
|a Számítástechnika - konferencia - szerzők
|
| 711 |
|
|
|a Conference of PhD students in computer science (7.)
|c Szeged
|d 2010. június 29. - július 2.
|
| 856 |
4 |
0 |
|u http://acta.bibl.u-szeged.hu/60000/1/cscs_2010_080-082.pdf
|z Dokumentum-elérés
|